| 000 | 00506nam a2200145Ia 4500 | ||
|---|---|---|---|
| 008 | 140724s9999 xx 000 0 und d | ||
| 050 |
_aQA 76.5 _b.Ar661 2009 |
||
| 100 | _aAramburo, Andrew Angelo Ong. | ||
| 245 |
_aAutomated inventory system for Aramco Auto Supply / _cAndrew Angelo Ong Aramburo. |
||
| 260 |
_aLas PiƱas, Philippines : _bSouthville International School and Colleges, _cc2009. |
||
| 300 |
_a56 p. : _bill. ; _c28 cm. |
||
| 521 | _aInformation Technology | ||
| 942 | _cTH | ||
| 999 |
_c229250 _d229250 |
||